000 00482nam a2200181Ia 4500
001 10870
005 20260306161904.0
008 260306t2000||||xx |||||||||||||| ||spa||
041 _aESP
082 _a980
_bH59 V. 3 P. 1
100 _aCastillero Calvo, Alfredo
_eAUT
245 0 _aHistoria general de América Latina:
_bconsolidación del orden colonial
260 _c2000
300 _a406 páginas :
_c25 cm.
650 _aGEN
654 _aCHU
942 _cLIB
_dJUS
_fJUS
_2ddc
_n
999 _c10870
_d10870